000
00406nam a2200145Ia 4500
008
100122s9999 xx 000 0 und d
082
_b
42029
_a
823
100
_a
शिरवळकर सुहास
245
_a
हत्यारा
260
_b
रावजी प्रकाशन
_c
1988
300
_a
163
630
_a
हत्यारा
730
_a
हत्यारा
942
_c
BOOK
999
_c
422485
_d
422482